| 000 | 00798nam a22002771 4500 | ||
|---|---|---|---|
| 001 | 18839 | ||
| 003 | BD-RjUL | ||
| 005 | 20211209000336.0 | ||
| 008 | 140222s1966 enk 000 1 eng | ||
| 035 | _a(BD-RjUL)18897 | ||
| 035 | _a(OCoLC)176917 | ||
| 040 |
_aDLC _cOCedC _dODaWU _dDLC _dBD-RjUL _beng |
||
| 041 | _aeng | ||
| 082 |
_a823.6 _bSME 1966 |
||
| 100 | 1 |
_aSmollett, T. _q(Tobias), _d1721-1771. _958105 |
|
| 245 | 1 | 4 |
_aThe expedition of Humphry Clinker / _cT. Smollett |
| 260 |
_aLondon : _bDent,, _c1966. |
||
| 300 |
_axi, 372 p. ; _c18 cm. |
||
| 490 | 0 | _aThe English comedie humaine. | |
| 500 | _aCover title: Humphry Clinker. | ||
| 650 |
_aTravelers _xFiction. _958106 |
||
| 740 | 0 | _aHumphry Clinker. | |
| 942 |
_2ddc _cBK |
||
| 999 |
_c18839 _d18839 |
||